Central Library OPAC University of Rajshahi

UNIX System V/386 Release 4 : (Record no. 362)

MARC details
000 -LEADER
fixed length control field 01153nam a2200265 4500
001 - CONTROL NUMBER
control field 362
003 - CONTROL NUMBER IDENTIFIER
rucl marc code BD-RjUL
005 - DATE AND TIME OF LATEST TRANSACTION
control field 20211208233150.0
008 - FIXED-LENGTH DATA ELEMENTS--GENERAL INFORMATION
fixed length control field 131117m19901992ii |||| |||| 000 0 eng d
020 ## - INTERNATIONAL STANDARD BOOK NUMBER
International Standard Book Number 0876927258
035 ## - SYSTEM CONTROL NUMBER
System control number (BD-RjUL)379
-- (OCoLC)33635009
040 ## - CATALOGING SOURCE
Original cataloging agency BD-RjUL
Language of cataloging eng
Transcribing agency BD-RjUL
Modifying agency BD-RjUL
041 ## - LANGUAGE CODE
Language code of text/sound track or separate title eng
082 04 - DEWEY DECIMAL CLASSIFICATION NUMBER
Edition number 20
Classification number 005.43
Author mark and year UNI 1992
245 1# - TITLE STATEMENT
Title UNIX System V/386 Release 4 :
Statement of responsibility, etc. UNIX System Laboratories, Inc.
Remainder of title Migration Guide /
250 ## - EDITION STATEMENT
Edition statement Eastern economy ed.
260 ## - PUBLICATION, DISTRIBUTION, ETC. (IMPRINT)
Place of publication, distribution, etc. New Delhi :
Name of publisher, distributor, etc. Prentice-Hall of India ,
Date of publication, distribution, etc. c1990 [Reprinted 1992].
300 ## - PHYSICAL DESCRIPTION
Pagination 1 v. (various pagings) :
Illustrations ill. ;
Size 24 cm.
490 ## - SERIES STATEMENT
Series statement AT&T UNIX system V, release 4. Migration series
505 ## - FORMATTED CONTENTS NOTE
Formatted contents note "Indian reprint"--T.p. verso. "Complete and unabridged photo-offset reproduction of the latest American edition"--T.p. verso. At head of title: AT & T. "UNIX Press"--P. [4] of cover.
650 ## - SUBJECT ADDED ENTRY--TOPICAL TERM
Topical term or geographic name as entry element UNIX System V (Computer file)
9 (RLIN) 1153
710 ## - ADDED ENTRY--CORPORATE NAME
Corporate name or jurisdiction name as entry element UNIX System Laboratories, Inc.
9 (RLIN) 1154
856 ## - ELECTRONIC LOCATION AND ACCESS
Materials specified WorldCat Details
Uniform Resource Identifier <a href="http://www.worldcat.org/title/unix-system-v386-release-4-migration-guide/oclc/33635009&referer=brief_results">http://www.worldcat.org/title/unix-system-v386-release-4-migration-guide/oclc/33635009&referer=brief_results</a>
942 ## - ADDED ENTRY ELEMENTS (KOHA)
Source of classification or shelving scheme Dewey Decimal Classification
Koha item type Books
Holdings
Lost status Source of classification or shelving scheme Damaged status Not for loan Collection code Permanent Location Current Location Shelving location Date acquired Source of acquisition Cost, normal purchase price Total Checkouts Full call number Date last seen Copy number Koha item type
  Dewey Decimal Classification     Non-fiction Central Library, University of Rajshahi Central Library, University of Rajshahi   23/03/1998 Dhaka, Ahsania Mission Book 63.70   005.43 UNI 1992 17/11/2013 C-2 Books
  Dewey Decimal Classification     Non-fiction Central Library, University of Rajshahi Central Library, University of Rajshahi   23/03/1998 Dhaka, Ahsania Mission Book 63.70   005.43 UNI 1992 17/11/2013 C-3 Books
  Dewey Decimal Classification   Not For Loan Non-fiction Central Library, University of Rajshahi Central Library, University of Rajshahi Reading Room 23/03/1998 Ahasania mission dhaka 63.70   005.43 UNI 1990 13/03/2017 C-1 Books